all Gracie Abrams songs - Statistics

General Stats
  • This quiz has been taken 105 times
    21 since last reset
  • The average score is 43 of 60
Answer Stats
Hint Answer % Correct
4 I love You, I'm Sorry
100%
5 I miss you, I'm sorry
100%
Mess It Up
100%
7 minor
100%
2 21
92%
1 Best
92%
1 Felt Good About You
92%
1 friend
92%
2 Risk
92%
5 Us. (feat. taylor Swift)
92%
13 Close to you
83%
14 cool
83%
12 Free Now
83%
6 Let It Happen
83%
6 long Sleeves
83%
4 tehe
83%
15 that's so true
83%
11 The blue
83%
3 Under / Over
83%
3 blowing Smoke
75%
4 Camden
75%
11 Good Luck Charlie
75%
8 I knew It, I Know you
75%
2 I know it won't work
75%
10 normal Thing
75%
17 packing it up
75%
5 The Bottom
75%
9 This is what the drugs are for
75%
7 Amelie
67%
10 Augusta
67%
13 Block me out
67%
Block me out
67%
Brush Fire
67%
death wish
67%
1 feels Like
67%
3 Full machine
67%
5 I should hate you
67%
16 i told you things
67%
11 Painkillers
67%
12 Right now
67%
2 Rockland
67%
Stay
67%
7 tough Love
67%
4 Where do we go now?
67%
8 Better
58%
8 Difficult
58%
10 Fault line
58%
9 Gave You I Gave You I
58%
Mean It
58%
15 405
50%
12 Alright
50%
3 For real This Time
50%
9 Hard to Sleep
50%
16 Two people
50%
Unlearn
50%
6 Will you cry?
50%
6 Wishful Thinking
50%
Everywhere, Everything
42%
7 Older
42%
14 Unsteady
42%
No matching quizzes found
Score Distribution
Percent of People with Each Score
Percentile by Number Answered
Your Score History
You have not taken this quiz since the last reset